<?xml version="1.0" encoding="UTF-8"?>
<record
    xmlns:xsi="http://www.w3.org/2001/XMLSchema-instance"
    xsi:schemaLocation="http://www.loc.gov/MARC21/slim http://www.loc.gov/standards/marcxml/schema/MARC21slim.xsd"
    xmlns="http://www.loc.gov/MARC21/slim">

  <leader>00905nam a2200277 c 4500</leader>
  <controlfield tag="001">a5116533</controlfield>
  <controlfield tag="003">CO-ViMGA</controlfield>
  <controlfield tag="005">20230915224409.0</controlfield>
  <controlfield tag="008">111007s2009    sp     | |||| 000 f spa  </controlfield>
  <datafield tag="020" ind1=" " ind2=" ">
    <subfield code="a">9788445077504</subfield>
  </datafield>
  <datafield tag="040" ind1=" " ind2=" ">
    <subfield code="a">CO-ViMGA</subfield>
    <subfield code="b">spa</subfield>
    <subfield code="c">CO-ViMGA</subfield>
  </datafield>
  <datafield tag="041" ind1="1" ind2=" ">
    <subfield code="h">eng</subfield>
  </datafield>
  <datafield tag="082" ind1=" " ind2=" ">
    <subfield code="a">823.2</subfield>
    <subfield code="b">T654s2</subfield>
  </datafield>
  <datafield tag="100" ind1="1" ind2=" ">
    <subfield code="a">Tolkien, J. R. R.</subfield>
    <subfield code="d">1892-1973</subfield>
    <subfield code="9">2371</subfield>
  </datafield>
  <datafield tag="240" ind1="1" ind2="4">
    <subfield code="a">The two towers</subfield>
    <subfield code="l">Espa&#xF1;ol</subfield>
  </datafield>
  <datafield tag="245" ind1="1" ind2="4">
    <subfield code="a">Las dos torres</subfield>
    <subfield code="h">[Texto impreso]</subfield>
    <subfield code="c">J.R.R. Tolkien ; traducci&#xF3;n de Matilde Horne y Luis Domenech</subfield>
  </datafield>
  <datafield tag="250" ind1=" " ind2=" ">
    <subfield code="a">1a. ed. en esta presentacin&#x324; en Coleccin&#x324; Booket</subfield>
  </datafield>
  <datafield tag="260" ind1=" " ind2=" ">
    <subfield code="a">Barcelona</subfield>
    <subfield code="b">Booket</subfield>
    <subfield code="c">2009</subfield>
  </datafield>
  <datafield tag="300" ind1=" " ind2=" ">
    <subfield code="a">476 p.</subfield>
    <subfield code="c">19 cm</subfield>
  </datafield>
  <datafield tag="490" ind1="1" ind2=" ">
    <subfield code="a">Biblioteca J.R.R. Tolkien</subfield>
    <subfield code="v">5017/2</subfield>
  </datafield>
  <datafield tag="490" ind1="1" ind2=" ">
    <subfield code="a">El Se&#xF1;or de los Anillos</subfield>
    <subfield code="v">2</subfield>
  </datafield>
  <datafield tag="650" ind1="1" ind2="4">
    <subfield code="a">Novela sudafricana</subfield>
    <subfield code="9">2372</subfield>
  </datafield>
  <datafield tag="700" ind1="1" ind2=" ">
    <subfield code="a">Domnenech, Luis</subfield>
    <subfield code="q">Domenech Fern&#xE1;ndez</subfield>
    <subfield code="9">2374</subfield>
  </datafield>
  <datafield tag="700" ind1="1" ind2=" ">
    <subfield code="a">Horne, Matilde</subfield>
    <subfield code="d">1914-2008</subfield>
    <subfield code="9">2373</subfield>
  </datafield>
  <datafield tag="942" ind1=" " ind2=" ">
    <subfield code="2">ddc</subfield>
    <subfield code="c">BK</subfield>
  </datafield>
  <datafield tag="999" ind1=" " ind2=" ">
    <subfield code="c">10359</subfield>
    <subfield code="d">10359</subfield>
  </datafield>
  <datafield tag="952" ind1=" " ind2=" ">
    <subfield code="0">0</subfield>
    <subfield code="1">0</subfield>
    <subfield code="2">ddc</subfield>
    <subfield code="4">0</subfield>
    <subfield code="7">0</subfield>
    <subfield code="8">001</subfield>
    <subfield code="a">MEVIGACOM</subfield>
    <subfield code="b">MEVIGACOM</subfield>
    <subfield code="d">2015-12-29</subfield>
    <subfield code="l">2</subfield>
    <subfield code="o">823.2 T654s2</subfield>
    <subfield code="p">29666</subfield>
    <subfield code="r">2018-07-23 00:00:00</subfield>
    <subfield code="s">2018-07-23</subfield>
    <subfield code="t">Ej. 1</subfield>
    <subfield code="w">2015-12-29</subfield>
    <subfield code="y">BK</subfield>
  </datafield>
</record>
